[Event "Cto Aragón Equipos Div Honor Descenso"]
[Site "Aragon"]
[Date "2015.03.14"]
[Round "8.28"]
[White "Sancho Casale, Jesus"]
[Black "Laplaza Ara, Carlos"]
[Result "0-1"]
[WhiteElo "1980"]
[BlackElo "1954"]
[PlyCount "132"]
[EventDate "2015.02.21"]
[WhiteTeam "Tauste"]
[BlackTeam "Club atletismo Huesca"]

1. Nf3 d5 2. c4 c6 3. b3 Nf6 4. Bb2 g6 5. g3 Bg7 6. Bg2 O-O 7. O-O b6 8. d3 Bb7
9. Nbd2 dxc4 10. bxc4 c5 11. Qb3 Nc6 12. Bc3 Qc7 13. Qb2 Nh5 14. Ne4 Bxc3 15.
Nxc3 Nf6 16. a4 Rfd8 17. Nb5 Qd7 18. Ne5 Nxe5 19. Qxe5 Bxg2 20. Kxg2 Ne8 21. a5
Nd6 22. Nxd6 Qxd6 23. Qxd6 exd6 24. Rfb1 Rab8 25. axb6 Rxb6 26. Rxb6 axb6 27.
Rb1 Rb8 28. Kf3 f5 29. e4 Kf7 30. exf5 gxf5 31. Ke3 Ke6 32. d4 cxd4+ 33. Kxd4
h5 34. Rb5 Rb7 35. h4 Rb8 36. Ke3 Rc8 37. Kd4 Rb8 38. Rd5 Ra8 39. Ke3 Ra4 40.
Rd4 Ke5 41. Rf4 d5 42. Kd3 dxc4+ 43. Kc3 b5 44. Kc2 Ra3 45. Kb2 Rd3 46. Kc2 Rd4
47. Rf3 b4 48. Re3+ Re4 49. Rf3 Re2+ 50. Kd1 Ra2 51. Rf4 b3 52. Rxc4 Rxf2 53.
Rc5+ Kd4 54. Rc8 b2 55. Rb8 b1=Q+ 56. Rxb1 Rf1+ 57. Kc2 Rxb1 58. Kxb1 Ke3 59.
Kc2 Kf3 60. Kd2 Kxg3 61. Ke2 f4 62. Kf1 Kxh4 63. Kg2 Kg4 64. Kf2 f3 65. Kf1 Kg3
66. Kg1 f2+ 0-1

[Event "Cto Aragón Equipos Div Honor Descenso"]
[Site "Aragon"]
[Date "2015.03.14"]
[Round "8.29"]
[White "Garcia Fernandez, Javier"]
[Black "Gil Capape, Marco Antonio"]
[Result "0-1"]
[WhiteElo "2210"]
[BlackElo "2073"]
[PlyCount "110"]
[EventDate "2015.02.21"]
[WhiteTeam "Teruel"]
[BlackTeam "Caissa"]

1. e4 e6 2. d4 d5 3. Nc3 Bb4 4. exd5 exd5 5. Bd3 Nc6 6. Nge2 Bg4 7. f3 Bh5 8.
O-O Nge7 9. a3 Ba5 10. Na4 Bg6 11. b4 Bxd3 12. Qxd3 Bb6 13. Nc5 Bxc5 14. dxc5
Qd7 15. Bf4 a6 16. Rad1 O-O-O 17. b5 axb5 18. Qxb5 Nb8 19. Qa5 Na6 20. Rb1 d4
21. Rfd1 Qd5 22. Qb5 d3 23. Rxd3 Qxc5+ 24. Qxc5 Nxc5 25. Rc3 Ne6 26. Bg3 Rd2
27. Nf4 Nd4 28. Bf2 g5 29. Bxd4 Rxd4 30. Nd3 Nd5 31. Rc5 b6 32. Rc6 h5 33. Nb4
Kb7 34. Nxd5 Kxc6 35. Nb4+ Kd7 36. Nd3 Re8 37. Rb5 f6 38. Kf2 Kc6 39. Rf5 Re6
40. f4 gxf4 41. Rxh5 Rc4 42. Nb4+ Kb7 43. Rh7 Re3 44. Rh3 Rxh3 45. gxh3 c5 46.
Nd5 Kc6 47. Nxf6 Rc3 48. h4 Rxa3 49. Ke2 Kd6 50. h5 Ke6 51. Ng4 Kf5 52. h3 Rc3
53. h6 Rxc2+ 54. Kf3 Rc3+ 55. Kg2 Kg6 0-1

[Event "Cto Aragón Equipos Div Honor Descenso"]
[Site "Aragon"]
[Date "2015.03.14"]
[Round "8.30"]
[White "Alonso Fdez-Revuelta, Rodrigo"]
[Black "Dominguez Bujeda, Jesus"]
[Result "0-1"]
[WhiteElo "2024"]
[BlackElo "2135"]
[PlyCount "78"]
[EventDate "2015.02.21"]
[WhiteTeam "Caissa"]
[BlackTeam "Teruel"]

1. e4 c5 2. Nf3 g6 3. d3 Bg7 4. g3 Nc6 5. Bg2 Nf6 6. O-O O-O 7. Nbd2 d5 8. Re1
e5 9. exd5 Nxd5 10. Nc4 Re8 11. a4 f6 12. a5 Bg4 13. Ne3 Be6 14. Nxd5 Bxd5 15.
Be3 Nd4 16. c3 Bb3 17. Qd2 Nc2 18. Bxc5 Nxe1 19. Nxe1 Bd5 20. Bf1 Qc7 21. Be3
b6 22. c4 Bb7 23. a6 Bc6 24. b4 Rad8 25. Rc1 Bf8 26. c5 b5 27. Rd1 Bg7 28. Bh6
Bxh6 29. Qxh6 Qc8 30. h4 Qg4 31. Rb1 Rxd3 32. Bxd3 Qh3 33. f3 Qxg3+ 34. Ng2
Bxf3 35. Bf1 Rd8 36. Qe3 e4 37. Qf2 Qh3 38. Bxb5 e3 39. Qf1 Rd2 0-1

[Event "Cto Aragón Equipos Div Honor Descenso"]
[Site "Aragon"]
[Date "2015.03.14"]
[Round "8.31"]
[White "Martin Catalan, Juan Vicente"]
[Black "Carraminana Lopez, Luis Antoni"]
[Result "1-0"]
[WhiteElo "2087"]
[BlackElo "1968"]
[PlyCount "61"]
[EventDate "2015.02.21"]
[WhiteTeam "Teruel"]
[BlackTeam "Caissa"]

1. d4 d5 2. Nf3 Nf6 3. Bf4 e6 4. e3 c5 5. Nbd2 Nc6 6. c3 Bd6 7. Ne5 O-O 8. Bd3
Qe7 9. O-O Nd7 10. Nxd7 Qxd7 11. Bxd6 Qxd6 12. f4 f6 13. Qh5 f5 14. Rf3 g6 15.
Qh6 c4 16. Bc2 b5 17. Rh3 Qe7 18. Nf3 Qg7 19. Ng5 Rf7 20. Nxf7 Qxf7 21. Qh4 Bd7
22. Qe1 a5 23. Rf3 b4 24. Ba4 Nxd4 25. exd4 Bxa4 26. b3 cxb3 27. axb3 Bxb3 28.
cxb4 Bc4 29. Rxa5 Rb8 30. Rfa3 Rb7 31. Qe5 1-0

[Event "Cto Aragón Equipos Div Honor Descenso"]
[Site "Aragon"]
[Date "2015.03.14"]
[Round "8.32"]
[White "Prieto Martinez, Fco. Javier"]
[Black "Barcena Laguia, Francisco"]
[Result "1-0"]
[WhiteElo "1829"]
[BlackElo "1921"]
[PlyCount "73"]
[EventDate "2015.02.21"]
[WhiteTeam "Caissa"]
[BlackTeam "Teruel"]

1. Nc3 c5 2. e4 Nc6 3. Bb5 g6 4. Nge2 Bg7 5. Bxc6 dxc6 6. d3 Nf6 7. h3 O-O 8.
Be3 b6 9. Qd2 Re8 10. Bh6 Bh8 11. O-O-O b5 12. e5 Nd5 13. f4 Qa5 14. Nxd5 Qxd2+
15. Kxd2 cxd5 16. Nc3 Rd8 17. Nxb5 Rb8 18. Nc3 Rxb2 19. Rb1 Rb7 20. Rhe1 f6 21.
Rxb7 Bxb7 22. Rb1 Bc6 23. Re1 fxe5 24. fxe5 Bg7 25. Bg5 Kf7 26. e6+ Ke8 27. g4
Bf6 28. Bf4 g5 29. Bc7 Rc8 30. Be5 d4 31. Bxf6 dxc3+ 32. Bxc3 Bd5 33. Re5 Bxa2
34. Rxg5 Bxe6 35. Rg7 h5 36. gxh5 Kf8 37. h6 1-0

[Event "Cto Aragón Equipos Pref Gr I"]
[Site "Aragon"]
[Date "2015.03.14"]
[Round "8.34"]
[White "Soriano Gracia, Manuel"]
[Black "Ainsa Claver, Ignacio"]
[Result "1/2-1/2"]
[WhiteElo "1829"]
[BlackElo "1958"]
[PlyCount "114"]
[EventDate "2015.01.24"]
[WhiteTeam "ONCE Aragon B"]
[BlackTeam "Sabiñanigo"]

1. e4 c6 2. d4 d5 3. exd5 cxd5 4. c4 Nf6 5. Nc3 Nc6 6. cxd5 Nxd5 7. Nxd5 Qxd5
8. Nf3 Bg4 9. Be2 g6 10. h3 Bf5 11. Be3 Bg7 12. Qd2 O-O 13. b3 a6 14. O-O b5
15. Rac1 Rac8 16. Rc5 Qd7 17. Rfc1 Be4 18. d5 Na7 19. Ng5 Rxc5 20. Rxc5 Bb1 21.
Qc1 Bxa2 22. Rc7 Qxd5 23. Rxa7 Bxb3 24. Rxa6 Bc4 25. Bxc4 bxc4 26. Ra2 c3 27.
Qc2 f5 28. Nf3 Rb8 29. Bc1 h6 30. Ra6 g5 31. Qa2 Rd8 32. Kf1 Qxa2 33. Rxa2 Rd1+
34. Ke2 Rxc1 35. Ra5 Rc2+ 36. Ke1 Rb2 37. Rc5 g4 38. hxg4 fxg4 39. Nh2 Bd4 40.
Rc8+ Kf7 41. Nxg4 h5 42. Ne3 Bxe3 43. fxe3 Rxg2 44. Rxc3 Kf6 45. Kf1 Rg4 46.
Kf2 e5 47. Rc8 Kf5 48. Kf3 e4+ 49. Kf2 Kg5 50. Rh8 h4 51. Rg8+ Kf5 52. Rf8+ Ke5
53. Re8+ Kd5 54. Rh8 Kc4 55. Re8 Kd5 56. Rh8 Ke6 57. Rh6+ Kf5 1/2-1/2

[Event "Cto Aragón Equipos Pref Gr I"]
[Site "Aragon"]
[Date "2015.03.14"]
[Round "8.35"]
[White "Avellanas Tomas, Jose"]
[Black "Carilla Garcia, Angel"]
[Result "1-0"]
[WhiteElo "1930"]
[BlackElo "1777"]
[PlyCount "89"]
[EventDate "2015.01.24"]
[WhiteTeam "Sabiñanigo"]
[BlackTeam "ONCE Aragon B"]

1. d4 e6 2. Nf3 d5 3. Bf4 Nf6 4. e3 Nbd7 5. Bd3 c5 6. c3 cxd4 7. exd4 Qb6 8.
Qb3 a6 9. Ne5 Nh5 10. Bg3 Qxb3 11. axb3 Nxg3 12. hxg3 Nxe5 13. dxe5 g6 14. b4
Bd7 15. b5 Bg7 16. f4 O-O 17. bxa6 bxa6 18. Na3 f6 19. exf6 Bxf6 20. Kd2 Rfb8
21. Rab1 Rb6 22. Rhc1 a5 23. Nc2 Rb3 24. Nd4 Bxd4 25. cxd4 Rab8 26. Rc7 Be8 27.
Ra1 Rxb2+ 28. Ke3 h5 29. g4 Rxg2 30. gxh5 Rg3+ 31. Kd2 Rb3 32. Bc2 Rg2+ 33. Kc1
Rf3 34. h6 Rxf4 35. h7+ Kh8 36. Rc8 Rxc2+ 37. Kxc2 Rf8 38. Kc3 g5 39. Rxa5 Kg7
40. Ra6 Kh8 41. Rxe6 Kxh7 42. Rcxe8 Rf2 43. R8e7+ Kg8 44. Ra6 Rf3+ 45. Kd2 1-0

[Event "Cto Aragón Equipos Pref Gr I"]
[Site "Aragon"]
[Date "2015.03.14"]
[Round "8.36"]
[White "Lanaspa Ballesteros, Federico"]
[Black "Climente Martinez, Jose Luis"]
[Result "0-1"]
[WhiteElo "1611"]
[BlackElo "1891"]
[PlyCount "70"]
[EventDate "2015.01.24"]
[WhiteTeam "ONCE Aragon B"]
[BlackTeam "Sabiñanigo"]

1. d4 d5 2. c4 c6 3. Nc3 Nf6 4. Nf3 e6 5. e3 Be7 6. Bd3 Nbd7 7. O-O O-O 8. Qc2
h6 9. Ne5 dxc4 10. Bxc4 Nxe5 11. dxe5 Nd5 12. e4 Nb4 13. Qe2 b5 14. a3 Na6 15.
Ba2 Bc5 16. Bf4 Bb7 17. Qg4 Kh7 18. Rad1 Qe7 19. Rd3 Rad8 20. Rg3 Rg8 21. Qh5
g5 22. Rh3 Rg6 23. Bc1 Bd4 24. Ne2 Bxe5 25. f4 gxf4 26. Qxe5 Rdg8 27. Nxf4 Rg5
28. Qc3 e5 29. Nh5 Rxg2+ 30. Kh1 c5 31. Nf6+ Qxf6 32. Rxh6+ Qxh6 33. Bxh6 Bxe4
34. Rxf7+ R2g7+ 35. Qf3 Bxf3+ 0-1

[Event "Cto Aragón Equipos Pref Gr I"]
[Site "Aragon"]
[Date "2015.03.14"]
[Round "8.37"]
[White "Gonzalez Gambau, Jorge"]
[Black "Lopez Caudevilla, David"]
[Result "1-0"]
[WhiteElo "2117"]
[BlackElo "1978"]
[PlyCount "83"]
[EventDate "2015.01.24"]
[WhiteTeam "Jaque"]
[BlackTeam "Actur Rey Fernando"]

1. e4 g6 2. d4 Bg7 3. Nc3 d6 4. f4 a6 5. Nf3 b5 6. Bd3 Bb7 7. O-O Nd7 8. Kh1 c5
9. Be3 c4 10. Be2 Nb6 11. a3 Nf6 12. e5 Nfd5 13. Nxd5 Nxd5 14. Bd2 O-O 15. c3
e6 16. Qe1 Rb8 17. Qg3 Ne7 18. Rad1 Nf5 19. Qh3 Bxf3 20. Bxf3 d5 21. g4 Ne7 22.
Rde1 a5 23. Bd1 b4 24. axb4 axb4 25. f5 bxc3 26. Bh6 exf5 27. gxf5 Bxh6 28.
Qxh6 gxf5 29. bxc3 Rb6 30. Rg1+ Ng6 31. e6 Rxe6 32. Rxe6 fxe6 33. Bh5 Qh4 34.
Rxg6+ hxg6 35. Qxg6+ Kh8 36. Qh6+ Kg8 37. Qxe6+ Rf7 38. Qxf7+ Kh8 39. Qe8+ Kg7
40. Qg6+ Kh8 41. Qh6+ Kg8 42. Bf7+ 1-0

[Event "Cto Aragón Equipos Pref Gr I"]
[Site "Aragon"]
[Date "2015.03.14"]
[Round "8.39"]
[White "Escartin Lacasa, Jose"]
[Black "Fernandez Sierra, Pedro Jose"]
[Result "1/2-1/2"]
[WhiteElo "1626"]
[BlackElo "1750"]
[PlyCount "94"]
[EventDate "2015.01.24"]
[WhiteTeam "Jaque"]
[BlackTeam "Actur Rey Fernando"]

1. d4 Nf6 2. Nf3 c5 3. e3 e6 4. c4 d5 5. Nc3 cxd4 6. Nxd4 Bb4 7. Qa4+ Nc6 8.
Nxc6 Bxc3+ 9. bxc3 bxc6 10. Qxc6+ Bd7 11. Qc5 dxc4 12. Qxc4 O-O 13. Ba3 Re8 14.
Be2 Rc8 15. Qd3 Qc7 16. Rc1 Qa5 17. Bb4 Qg5 18. Bf3 e5 19. Be4 Nxe4 20. Qxe4
Bc6 21. h4 Qxg2 22. Qxg2 Bxg2 23. Rg1 Bf3 24. Rg3 e4 25. Kd2 Red8+ 26. Kc2 Rd5
27. Rg5 Rd3 28. Ba5 h6 29. Rf5 Rd7 30. Rb1 g6 31. Rfb5 Be2 32. Rb8 Bd3+ 33. Kc1
Rxb8 34. Rxb8+ Kg7 35. Rb4 Rd5 36. Bc7 Rc5 37. Rb7 Rxc3+ 38. Kb2 Rc2+ 39. Kb3
Rxf2 40. Be5+ Kh7 41. Rb8 f6 42. Bd4 a6 43. Rb7+ Kg8 44. Rb8+ Kf7 45. Rb7+ Kg8
46. Rb8+ Kf7 47. Rb7+ Kg8 1/2-1/2

[Event "Cto Aragón Equipos Pref Gr I"]
[Site "Aragon"]
[Date "2015.03.14"]
[Round "8.41"]
[White "Pes Mateo, Angel"]
[Black "Baron Rodriguez, Jesus"]
[Result "0-1"]
[WhiteElo "1986"]
[BlackElo "2441"]
[PlyCount "78"]
[EventDate "2015.01.24"]
[WhiteTeam "Delicias B"]
[BlackTeam "Ibercaja B"]

1. d4 d5 2. c3 Nf6 3. Nf3 Bf5 4. Qb3 Qc8 5. Bf4 e6 6. e3 Be7 7. Nbd2 c5 8. Bxb8
Rxb8 9. Bb5+ Kf8 10. Be2 b5 11. Ne5 h5 12. O-O c4 13. Qd1 b4 14. f3 Bh7 15. e4
Qc7 16. g4 Bd6 17. exd5 bxc3 18. bxc3 Bxe5 19. dxe5 Qc5+ 20. Rf2 Nxd5 21. Nxc4
Nf4 22. Kf1 Nxe2 23. Rxe2 hxg4 24. fxg4 Bg6 25. Qd2 Kg8 26. Nd6 Rh3 27. Rf2
Qxe5 28. Rd1 Rd3 29. Qxd3 Bxd3+ 30. Rxd3 Rd8 31. Nc4 Qc7 32. Rxd8+ Qxd8 33. Rd2
Qc7 34. Ne3 Qxc3 35. Ke2 g5 36. Rc2 Qa3 37. Kf2 Qd3 38. Rb2 Kg7 39. h3 a5 0-1

[Event "Cto Aragón Equipos Pref Gr I"]
[Site "Aragon"]
[Date "2015.03.14"]
[Round "8.42"]
[White "Gines Esteo, Pedro Antonio"]
[Black "Naya Sancho, Juan Manuel"]
[Result "1-0"]
[WhiteElo "2044"]
[BlackElo "1889"]
[PlyCount "63"]
[EventDate "2015.01.24"]
[WhiteTeam "Ibercaja B"]
[BlackTeam "Delicias B"]

1. d4 Nf6 2. c4 c5 3. Nf3 e6 4. Nc3 d5 5. cxd5 exd5 6. e3 Nc6 7. Be2 Be7 8. O-O
O-O 9. dxc5 Bxc5 10. b3 Re8 11. Bb2 a6 12. Rc1 Ba7 13. Na4 Ne4 14. Nd4 Qh4 15.
Nf3 Qe7 16. Nc3 Nxf2 17. Rxf2 Qxe3 18. Qf1 Bg4 19. Rd1 Rac8 20. Rd3 Qe6 21. Rd1
Nb4 22. Nd4 Bxe2 23. Rxe2 Qg4 24. Red2 Nc6 25. Nce2 Re4 26. Kh1 Rce8 27. Nxc6
bxc6 28. Ng3 R8e6 29. Nxe4 Rh6 30. Qf3 Rxh2+ 31. Kxh2 Qh4+ 32. Qh3 1-0

[Event "Cto Aragón Equipos Pref Gr I"]
[Site "Aragon"]
[Date "2015.03.14"]
[Round "8.43"]
[White "Sanchez Perez, Carlos"]
[Black "Eizaguerri Floris, Maria"]
[Result "0-1"]
[WhiteElo "1499"]
[BlackElo "1902"]
[PlyCount "98"]
[EventDate "2015.01.24"]
[WhiteTeam "Delicias B"]
[BlackTeam "Ibercaja B"]

1. d4 d5 2. Nf3 Nf6 3. Bf4 e6 4. c3 Bd6 5. Bxd6 Qxd6 6. Nbd2 O-O 7. e3 b6 8.
Bd3 Bb7 9. Ne5 c5 10. O-O Nbd7 11. f4 Ne4 12. Nxd7 Qxd7 13. Nxe4 dxe4 14. Be2
Qe7 15. Qe1 Rac8 16. g4 cxd4 17. cxd4 Bd5 18. b3 Rc2 19. Bd1 Rc6 20. Qg3 Rc3
21. h4 Qd6 22. Rf2 Bb7 23. Rc2 Rfc8 24. Rac1 Rxc2 25. Rxc2 Rxc2 26. Bxc2 Qc6
27. Qf2 f5 28. g5 Ba6 29. Qd2 Kf7 30. b4 Qc4 31. Bd1 Ke7 32. a4 Qf1+ 33. Kh2
Bc4 34. b5 Kd8 35. h5 Bd3 36. h6 g6 37. d5 exd5 38. Bc2 Qe2+ 39. Qxe2 Bxe2 40.
Bb3 Bc4 41. Bc2 Kd7 42. Kg2 Kd6 43. Kf2 Kc5 44. Ke1 d4 45. Kd2 d3 46. Bd1 Kb4
47. a5 bxa5 48. Bh5 gxh5 49. g6 Bg8 0-1

[Event "Cto Aragón Equipos Pref Gr I"]
[Site "Aragon"]
[Date "2015.03.14"]
[Round "8.45"]
[White "Fontana Sotomayor, Luis Javier"]
[Black "Jaques Burguete, Raul"]
[Result "1-0"]
[WhiteElo "2302"]
[BlackElo "2009"]
[PlyCount "51"]
[EventDate "2015.01.24"]
[WhiteTeam "Jaime Casas B"]
[BlackTeam "St. Casablanca C"]

1. d4 d5 2. Nf3 Nf6 3. e3 g6 4. b4 Bg7 5. Nbd2 O-O 6. Be2 c6 7. c4 Bg4 8. O-O
Nbd7 9. h3 Bxf3 10. Nxf3 dxc4 11. Bxc4 Nd5 12. Qb3 N5b6 13. Be2 e5 14. Bb2 Qe7
15. Rac1 Rad8 16. Rfd1 e4 17. Nd2 Rfe8 18. b5 Nb8 19. a4 Nd5 20. Ba3 Qg5 21.
Nc4 Re6 22. Na5 cxb5 23. axb5 b6 24. Nb7 Bh6 25. Nxd8 Rf6 26. Rc8 1-0

[Event "Cto Aragón Equipos Pref Gr I"]
[Site "Aragon"]
[Date "2015.03.14"]
[Round "8.46"]
[White "Antonano Fedz-Quincoces, Aveli"]
[Black "Delgado Crespo, Mairelys"]
[Result "0-1"]
[WhiteElo "1978"]
[BlackElo "2253"]
[PlyCount "90"]
[EventDate "2015.01.24"]
[WhiteTeam "St. Casablanca C"]
[BlackTeam "Jaime Casas B"]

1. e4 e6 2. d4 d5 3. Nd2 Be7 4. Bd3 Nf6 5. Ngf3 c5 6. c3 Nc6 7. O-O cxd4 8.
cxd4 dxe4 9. Nxe4 O-O 10. Nc3 b6 11. a3 Bb7 12. Re1 Rc8 13. Bc2 Ba6 14. Bf4 Nd5
15. Nxd5 Qxd5 16. Be4 Qb5 17. b4 Rfd8 18. Re3 Qh5 19. Bxc6 Rxc6 20. Qa4 Qb5 21.
Qxb5 Bxb5 22. a4 Bc4 23. b5 Rcc8 24. Rc3 Bb4 25. Rc2 Bd5 26. Rxc8 Rxc8 27. Ne5
Be4 28. f3 Bd5 29. Rc1 Rxc1+ 30. Bxc1 Kf8 31. Kf2 Ke7 32. Ke3 f6 33. Nd3 Bd6
34. h3 Bb3 35. Nb2 Ba3 36. Kd3 Bxa4 37. Nxa4 Bxc1 38. Nc3 Bb2 39. Na4 Ba1 40.
g4 Kd6 41. g5 Kd5 42. gxf6 gxf6 43. Nc3+ Bxc3 44. Kxc3 e5 45. dxe5 Kxe5 0-1

[Event "Cto Aragón Equipos Pref Gr I"]
[Site "Aragon"]
[Date "2015.03.14"]
[Round "8.47"]
[White "Maza Broto, Pablo"]
[Black "Alvarez Gonzalo, Miguel Angel"]
[Result "1-0"]
[WhiteElo "2076"]
[BlackElo "1944"]
[PlyCount "97"]
[EventDate "2015.01.24"]
[WhiteTeam "Jaime Casas B"]
[BlackTeam "St. Casablanca C"]

1. d4 Nf6 2. Nf3 e6 3. e3 b6 4. Bd3 Bb7 5. O-O Nc6 6. c3 Be7 7. e4 d6 8. Re1
O-O 9. Nbd2 h6 10. Nf1 Rc8 11. Ng3 e5 12. d5 Nb8 13. Nf5 Nh7 14. g3 Ng5 15. h4
Nxf3+ 16. Qxf3 Nd7 17. Bxh6 g6 18. Nxe7+ Qxe7 19. Bxf8 Nxf8 20. Bf1 Nh7 21. Bh3
Rf8 22. Qg4 Bc8 23. Qxc8 Rxc8 24. Bxc8 Qe8 25. Bg4 Nf6 26. Bf3 Qb5 27. b3 Qd3
28. Kg2 Qxc3 29. Rac1 Qd2 30. Red1 Qxa2 31. Rxc7 Qxb3 32. Rdc1 Qa3 33. R1c6 Qb4
34. Rxa7 Nxe4 35. Rc8+ Kg7 36. Rcc7 Qe1 37. Rxf7+ Kg8 38. Bxe4 Qxe4+ 39. f3
Qe2+ 40. Kh3 Qf1+ 41. Kg4 Qc4+ 42. Kg5 Qxd5 43. Rfc7 e4+ 44. Kxg6 Qe6+ 45. Kg5
Qe8 46. Rg7+ Kf8 47. Raf7+ Qxf7 48. Rxf7+ Kxf7 49. fxe4 1-0

[Event "Cto Aragón Equipos Pref Gr I"]
[Site "Aragon"]
[Date "2015.03.14"]
[Round "8.48"]
[White "Lafarga Bueno, Daniel"]
[Black "Rodriguez Leiva, Manuel"]
[Result "1-0"]
[WhiteElo "1910"]
[BlackElo "1956"]
[PlyCount "101"]
[EventDate "2015.01.24"]
[WhiteTeam "St. Casablanca C"]
[BlackTeam "Jaime Casas B"]

1. c4 c5 2. g3 Nc6 3. Bg2 e6 4. Nc3 Nf6 5. e4 Be7 6. d3 O-O 7. f4 d6 8. Nf3 a6
9. O-O Rb8 10. a4 Bd7 11. h3 Ne8 12. g4 Bf6 13. g5 Bd4+ 14. Kh2 g6 15. Nxd4
cxd4 16. Ne2 Ng7 17. Ng3 f5 18. exf5 Nxf5 19. Nxf5 Rxf5 20. Be4 Rf7 21. h4 Ne7
22. b3 Nf5 23. h5 Bc6 24. Qg4 Qb6 25. Rb1 Rbf8 26. Rf3 d5 27. cxd5 exd5 28.
Bxf5 gxf5 29. Qh4 Qc5 30. Qf2 Re8 31. Bb2 Rfe7 32. Bxd4 Qa5 33. Be5 d4 34. Rg3
Rxe5 35. fxe5 Qxe5 36. Rf1 f4 37. Qxf4 Qe2+ 38. Rf2 Qxh5+ 39. Rh3 Qg6 40. Qxd4
Qe6 41. Rh6 Qe5+ 42. Qxe5 Rxe5 43. g6 hxg6 44. Rxg6+ Kh7 45. Rd6 Rg5 46. Rf7+
Rg7 47. Rxg7+ Kxg7 48. Kg3 Kf7 49. Kf4 Ke7 50. Ke5 Bf3 51. d4 1-0

[Event "Cto Aragón Equipos Pref Gr I"]
[Site "Aragon"]
[Date "2015.03.14"]
[Round "8.49"]
[White "Faro Perella, Alberto"]
[Black "Felez Casedas, Carlos"]
[Result "1-0"]
[WhiteElo "1927"]
[BlackElo "2013"]
[PlyCount "53"]
[EventDate "2015.01.24"]
[WhiteTeam "Binefar"]
[BlackTeam "La Aurora Estadilla B"]

1. d4 d5 2. Nf3 e6 3. c4 c6 4. Nc3 Nf6 5. Bg5 Nbd7 6. cxd5 exd5 7. e3 Bb4 8.
Bd3 O-O 9. O-O Re8 10. Qc2 Bd6 11. Bxh7+ Kh8 12. Bf5 Nf8 13. Bh4 g6 14. Bxc8
Rxc8 15. Rfe1 Be7 16. e4 Nxe4 17. Bxe7 Qxe7 18. Nd2 Ne6 19. Ncxe4 dxe4 20. Qc3
Qf6 21. Nxe4 Qd8 22. d5+ Ng7 23. d6 f5 24. Rad1 Rxe4 25. Rxe4 fxe4 26. Qg3 Qf6
27. Qh3+ 1-0

[Event "Cto Aragón Equipos Pref Gr I"]
[Site "Aragon"]
[Date "2015.03.14"]
[Round "8.50"]
[White "Puertolas Serena, Arturo"]
[Black "Arino Castan, Federico"]
[Result "0-1"]
[WhiteElo "1919"]
[BlackElo "1777"]
[PlyCount "117"]
[EventDate "2015.01.24"]
[WhiteTeam "La Aurora Estadilla B"]
[BlackTeam "Binefar"]

1. d4 Nf6 2. Nf3 d5 3. e3 g6 4. c4 Bg7 5. Nc3 O-O 6. Bd3 c5 7. O-O cxd4 8. exd4
Nc6 9. h3 Be6 10. c5 b6 11. Bb5 Bd7 12. Ne5 Nxe5 13. dxe5 Bxb5 14. exf6 Bxf1
15. fxg7 Kxg7 16. Qd4+ e5 17. Qxe5+ f6 18. Qf4 Ba6 19. cxb6 axb6 20. Qh4 Re8
21. Bh6+ Kf7 22. Rd1 Re5 23. Be3 Rh5 24. Qb4 Rb8 25. Bf4 Rc8 26. Ne4 Kg7 27.
Qa3 Ra8 28. Qc3 Rf5 29. Be3 Re5 30. Ng3 Bb7 31. Bd4 Re6 32. a3 Rc8 33. Qf3 Qe8
34. Qg4 Kf7 35. Qh4 h5 36. Qf4 Rc4 37. b3 Re1+ 38. Rxe1 Qxe1+ 39. Kh2 Rxd4 40.
Qxd4 Qe6 41. Nf1 Qe5+ 42. Qxe5 fxe5 43. Nd2 Ke6 44. Kg3 g5 45. f3 Kf5 46. Kf2
h4 47. b4 Bc6 48. Nb1 e4 49. Ke3 exf3 50. gxf3 Ke5 51. Nd2 Bd7 52. Nb3 Bxh3 53.
a4 Bc8 54. a5 bxa5 55. bxa5 Kd6 56. Nd4 h3 57. Kf2 Kc5 58. Nc2 Kb5 59. Kg3 0-1

[Event "Cto Aragón Equipos Pref Gr I"]
[Site "Aragon"]
[Date "2015.03.14"]
[Round "8.51"]
[White "Saura Solano, Jose Luis"]
[Black "Fuentes Espuna, Juan Antonio"]
[Result "0-1"]
[WhiteElo "1764"]
[BlackElo "1912"]
[PlyCount "74"]
[EventDate "2015.01.24"]
[WhiteTeam "Binefar"]
[BlackTeam "La Aurora Estadilla B"]

1. d4 c5 2. d5 d6 3. e4 g6 4. Bb5+ Nd7 5. a4 a6 6. Be2 Bg7 7. f4 Ngf6 8. Nc3
O-O 9. Nf3 Qb6 10. Bd2 Re8 11. Bc4 e6 12. dxe6 fxe6 13. O-O Qc6 14. e5 Nd5 15.
exd6 N7b6 (15... Qxd6) 16. Qe2 Nxc4 17. Qxc4 Nb6 18. Qe4 Qxd6 19. Rad1 Qc7 20.
a5 Nd7 21. Na4 Nf6 22. Qe5 Qc6 23. Nc3 b5 24. axb6 Qxb6 25. Ne4 Nxe4 26. Qxe4
Bb7 27. Qa4 Bc6 28. Ba5 Qb5 29. Qxb5 Bxb5 30. Rf2 Rac8 31. b3 c4 32. Ne5 cxb3
33. cxb3 g5 34. g3 Rf8 35. Rd6 Rc1+ 36. Kg2 Bxe5 37. fxe5 Bc6+ 0-1

[Event "Cto Aragón Equipos Pref Gr I"]
[Site "Aragon"]
[Date "2015.03.14"]
[Round "8.52"]
[White "Pellicer Cerezuela, Miguel"]
[Black "Rosa Garcia, Jesus"]
[Result "1-0"]
[WhiteElo "1862"]
[BlackElo "1706"]
[PlyCount "114"]
[EventDate "2015.01.24"]
[WhiteTeam "La Aurora Estadilla B"]
[BlackTeam "Binefar"]

1. d4 c5 2. dxc5 Qa5+ 3. Nc3 e6 4. Nf3 Bxc5 5. Bf4 Qb6 6. e3 Qxb2 7. Ne4 Bb4+
8. Nfd2 Nf6 9. Rb1 Bxd2+ 10. Nxd2 Qxa2 11. Bc4 Qa3 12. O-O d5 13. Bd3 O-O 14.
e4 dxe4 15. Nxe4 Nxe4 16. Bxe4 Qa4 17. Bd6 Rd8 18. Bxh7+ Kxh7 19. Qh5+ Kg8 20.
Rb4 Qe8 21. Rh4 f6 22. Qh7+ Kf7 23. Rg4 Qh8 24. Qg6+ Kg8 25. Be7 Qh7 26. Qxh7+
Kxh7 27. Bxd8 e5 28. Rh4+ Kg8 29. Bc7 Nc6 30. Rb1 a5 31. Ra4 Nd4 32. Rxa5 Rxa5
33. Bxa5 Nxc2 34. f3 Kf7 35. Kf2 Nd4 36. Bb6 Nc6 37. Rc1 Be6 38. Rb1 Bd5 39.
Bc5 Nd8 40. Bb6 Ne6 41. Be3 Bc6 42. h4 Bd5 43. h5 Bc6 44. Rh1 Bd5 45. h6 gxh6
46. Rxh6 Kg7 47. Rh1 Bc6 48. Rb1 Kf7 49. Ke2 Nc7 50. Rg1 Kg7 51. Bd2 Ne6 52.
Be3 Nc7 53. Ra1 Kf7 54. Bf2 Ne6 55. Ra8 Bd5 56. Rb8 Nf8 57. Be3 Bc6 1-0

[Event "Cto Aragón Equipos Pref Gr II"]
[Site "Aragon"]
[Date "2015.03.14"]
[Round "8.53"]
[White "Malo Guillen, Jose Luis"]
[Black "Galvez Perez, Jose Luis"]
[Result "1-0"]
[WhiteElo "2167"]
[BlackElo "1947"]
[PlyCount "77"]
[EventDate "2015.01.24"]
[WhiteTeam "Las Fuentes"]
[BlackTeam "Caissa B"]

1. d4 g6 2. c4 Bg7 3. Nc3 c5 4. e3 Nf6 5. Nf3 O-O 6. Be2 cxd4 7. exd4 d5 8. O-O
Nc6 9. h3 Be6 10. c5 Ne4 11. Bf4 Qa5 12. a3 Nxc3 13. bxc3 b6 14. cxb6 axb6 15.
Qb3 Rfc8 16. Rfc1 Qa7 17. Nd2 Na5 18. Qb5 Rc6 19. a4 Qd7 20. Nb3 Nc4 21. a5
bxa5 22. Nc5 Qc8 23. Bxc4 dxc4 24. Nxe6 Rxe6 25. Rxa5 Rxa5 26. Qxa5 Ra6 27. Qb4
Bf8 28. Qb5 Ra3 29. Qc5 Qa6 30. Qc7 Qe6 31. Qd8 Qe4 32. Qc7 h6 33. h4 Kh7 34.
Be5 Rxc3 35. Rxc3 Qe1+ 36. Kh2 Qxc3 37. d5 Qd2 38. d6 Qxf2 39. Bg3 1-0

[Event "Cto Aragón Equipos Pref Gr II"]
[Site "Aragon"]
[Date "2015.03.14"]
[Round "8.54"]
[White "Vasilev, Vas"]
[Black "Alonso Blasco, Jose Miguel"]
[Result "1-0"]
[WhiteElo "1943"]
[BlackElo "2078"]
[PlyCount "63"]
[EventDate "2015.01.24"]
[WhiteTeam "Caissa B"]
[BlackTeam "Las Fuentes"]

1. d4 Nf6 2. Nf3 e6 3. Bg5 c5 4. e3 Qb6 5. Nbd2 d5 6. Rb1 Nbd7 7. c3 Bd6 8. Bd3
O-O 9. O-O Re8 10. b4 c4 11. Bc2 e5 12. e4 exd4 13. exd5 d3 14. Ba4 Qc7 15. Bb5
Nxd5 16. Rc1 N5b6 17. Re1 Rf8 18. Re4 f5 19. Bxc4+ Kh8 20. Rh4 Nxc4 21. Nxc4
Nb6 22. Qxd3 Nxc4 23. Rxc4 Qb6 24. Rd1 Bc7 25. Be3 Qd6 26. Qxd6 Bxd6 27. Rxd6
b6 28. Rc7 Ba6 29. Rdd7 Rad8 30. Bd4 Rxd7 31. Rxd7 Re8 32. Rxg7 1-0